Manual de la cría del gusano de seda reproducción de la Morera en la Mixteca (Record no. 10425)
[ view plain ]
| 000 -CABECERA | |
|---|---|
| campo de control de longitud fija | 01057nam a2200241 a 4500 |
| 001 - NÚMERO DE CONTROL | |
| campo de control | BRL_1616 |
| 005 - FECHA Y HORA DE LA ÚLTIMA TRANSACCIÓN | |
| campo de control | 20190320211305.0 |
| 008 - DATOS DE LONGITUD FIJA--INFORMACIÓN GENERAL | |
| campo de control de longitud fija | 140414s1987----mx-a######---#100-0#spa-# |
| 041 ## - CÓDIGO DE LENGUA | |
| Código de lengua del texto/banda sonora o título independiente | spa |
| 044 ## - CÓDIGO DEL PAÍS DE LA ENTIDAD EDITORA/PRODUCTORA | |
| Código MARC del país | mx |
| 050 #4 - SIGNATURA TOPOGRÁFICA DE LA BIBLIOTECA DEL CONGRESO | |
| Número de clasificación | SF542 |
| Número de documento/Ítem | .H36 1987 |
| 111 2# - ENTRADA PRINCIPAL--NOMBRE DE CONGRESO/REUNIÓN | |
| Nombre de congreso/reunión o jurisdicción como elemento de entrada | Taller sobre la cría del gusano de seda |
| Fecha del congreso/reunión | 17 al 18 de febrero 1987 |
| Sede del congreso/Lugar de la reunión | San Mateo Peñasco (Tlaxiaco) |
| Unidad subordinada | Centro coordinador indigenista de la Mixteca Alta |
| 9 (RLIN) | 27448 |
| 245 10 - MENCIÓN DE TÍTULO | |
| Título | Manual de la cría del gusano de seda reproducción de la Morera en la Mixteca |
| Resto del título | memoria del ´taller sobre la cría del gusano de seda, en la comunidad San Mateo Peñasco (Tlaxiaco), 17-18 de febrero 1987 |
| Mención de responsabilidad, etc. | texto Susanna Hammacher ; diseño Cesar Gabriel Toledo Ruiz. |
| 260 ## - PUBLICACIÓN, DISTRIBUCIÓN, ETC. | |
| Lugar de publicación, distribución, etc. | Tlaxiaco, Oaxaca, México |
| Nombre del editor, distribuidor, etc. | Centro coordinador indigenista de la Mixteca Alta |
| Fecha de publicación, distribución, etc. | 1987 |
| 300 ## - DESCRIPCIÓN FÍSICA | |
| Extensión | 59 p. |
| Otras características físicas | il. |
| Dimensiones | 22 cm. |
| 500 ## - NOTA GENERAL | |
| Nota general | Au381 |
| 500 ## - NOTA GENERAL | |
| Nota general | En la pasta: ´Tintuvá´ |
| 650 14 - PUNTO DE ACCESO ADICIONAL DE MATERIA--TÉRMINO DE MATERIA | |
| Término de materia o nombre geográfico como elemento de entrada | Gusanos de seda |
| 9 (RLIN) | 27449 |
| 700 1# - PUNTO DE ACCESO ADICIONAL--NOMBRE DE PERSONA | |
| Nombre de persona | Hammacher, Susanna |
| 9 (RLIN) | 27450 |
| 700 1# - PUNTO DE ACCESO ADICIONAL--NOMBRE DE PERSONA | |
| Nombre de persona | Ruiz Toledo, Gabriel Cesar |
| 9 (RLIN) | 27451 |
| 902 ## - CATALOGADOR | |
| Iniciales | GRL |
| 942 ## - ELEMENTOS DE PUNTO DE ACCESO ADICIONAL (KOHA) | |
| Fuente del sistema de clasificación o colocación | Library of Congress Classification |
| Tipo de ítem Koha | Libros |
| Estado de retiro | Estado de pérdida | Estado dañado | No para préstamo | Localización permanente | Ubicación/localización actual | Fecha de adquisición | Número de inventario | Total de préstamos | Signatura topográfica completa | Código de barras | Fecha visto por última vez | Precio válido a partir de | Tipo de ítem Koha |
|---|---|---|---|---|---|---|---|---|---|---|---|---|---|
| El ejemplar forma parte de la colección y puede ser consultado según las políticas vigentes. | Biblioteca Centro de Estudios Ruth D. Lechuga | Biblioteca Centro de Estudios Ruth D. Lechuga | 14/04/2014 | Au381 | SF542 .H36 1987 (Au381) | GRL01777 | 22/03/2019 | 22/03/2019 | Libros |